000 00693nam a2200181Ia 4500
008 090630s9999 xx 000 0 und d
082 _b18424
100 _aनगरसेकर सुरेश.
245 _aअल्पमोली बहुगुणी भाग 1.
_cनगरसेकर सुरेश.
260 _bमनोरमा - मुंबई.
_c1994
300 _a206
600 _aनगरसेकर सुरेश.
630 _aअल्पमोली बहुगुणी भाग 1.
655 _aइतर.
700 _aनगरसेकर सुरेश.
730 _aअल्पमोली बहुगुणी भाग 1.
942 _cBOOK
999 _c270280
_d270280